Family Feud #13 - Statistics

General Stats
  • This quiz has been taken 21 times
  • The average score is 2 of 8
Answer Stats
Hint Answer % Correct
62 Sun
83%
14 Fire/ Flame Throwers
50%
2 Snowballs
11%
3 Rain
6%
3 Snowplow/ Shovel
6%
3 Blow Dryers
0%
2 Drought
0%
2 Pee
0%
No matching quizzes found
Score Distribution
Percent of People with Each Score
Percentile by Number Answered
Your Score History
You have not taken this quiz